Normal view MARC view
  • National socialism.

Entry Topical Term

Number of records used in: 5

001 - CONTROL NUMBER

  • control field: 10335

003 - CONTROL NUMBER IDENTIFIER

  • control field: NUST

005 - DATE AND TIME OF LATEST TRANSACTION

  • control field: 20180521044843.0

008 - FIXED-LENGTH DATA ELEMENTS

  • fixed length control field: 180521|| aca||aabn | a|a d

040 ## - CATALOGING SOURCE

  • Original cataloging agency: NUST
  • Transcribing agency: NUST

150 ## - HEADING--TOPICAL TERM

  • Topical term or geographic name entry element: National socialism.

670 ## - SOURCE DATA FOUND

  • Source citation: Work cat.: (NUST)4107: Jung, C. G. (Carl Gustav), 1875-1961 10334, Essays on contemporary events,, 1947
© 2023 Central Library, National University of Sciences and Technology. All Rights Reserved.